000 00933cam a22002774a 4500
008
020 _a0761930477 (pbk.)
049 _aMAIN
090 _aBL65.M45
_bINT
245 0 0 _aIntegrating traditional healing practices into counseling and psychotherapy /
_cedited by Roy Moodley [and] William West.
260 _aThousand Oaks :
_bSage Publications,
_cc2005.
300 _axxvii, 348 p. ;
_c24 cm.
440 0 _aMulticultural aspects of counseling and psychotherapy 22
500 _aIncludes index.
504 _aIncludes bibliographical references.
650 0 _aSpiritual healing.
650 0 _aCounseling
_xReligious aspects.
650 0 _aPsychotherapy
_xReligious aspects.
700 1 _aMoodley, Roy.
700 1 _aWest, William.
907 _a.b10318379
_b19-09-12
_c19-09-12
003
005 20230123125448.0
040 _cNUST
942 _cBOOKS
_kBL65.M45
_mINT
999 _c141917
_d141917